Introduction to agricultural economics (Record no. 37134)

MARC details
000 -LEADER
fixed length control field 00356nam a2200133Ia 4500
082 ## - DEWEY DECIMAL CLASSIFICATION NUMBER
Classification number 338.43.01
Item number EPP
100 ## - MAIN ENTRY--AUTHOR NAME
Personal name Epp, Donald J
245 #0 - TITLE STATEMENT
Title Introduction to agricultural economics
260 ## - PUBLICATION, DISTRIBUTION, ETC. (IMPRINT)
Place of publication New York
Name of publisher Macmillan
Year of publication 1981
650 ## - SUBJECT ADDED ENTRY--TOPICAL TERM
Topical Term Agricultural economics
700 ## - ADDED ENTRY--PERSONAL NAME
Personal name Malone, John W
942 ## - ADDED ENTRY ELEMENTS (KOHA)
Koha item type Books
Holdings
Withdrawn status Lost status Damaged status Not for loan Home library Current library Date acquired Cost, normal purchase price Full call number Accession Number Koha item type
        RRII Library RRII Library 16/12/2021 17.40 338.43.01 EPP 17522 Books